01691cam a22002651 450000100060000000300080000600500170001400800410003103500190007204000320009104100080012308200200013110000420015124500920019326000340028530000270031950400500034650505500039665000550094694200120100199900170101395201340103095201310116495201300129516962BD-RjUL20211209000054.0140215s1970 nyu b 001 0 eng d a(BD-RjUL)17018 aDLCcDLCdDLCdBD-RjULbeng aeng00a810.9bSPO 19701 aSpiller, Robert Ernest,d1896-95234214aThe oblique light :bstudies in literary history and biography /cby Robert E. Spiller. aNew York :bMacmillan,cc1970 aviii, 279 p. ;c22 cm. aIncludes bibliographical references and Index0 aBenjamin Franklin: student of life.--Franklin on the art of being human.--Fenimore Cooper: the critical American in England.--Second thoughts on Cooper as a social critic.--A case for W. E. Channing.--Ralph Waldo Emerson: man thinking.--The mind and art of Nathaniel Hawthorne.--The private novel of Henry Adams.--Henry Adams: man of letters.--Sidney Lanier: ancestor of anti-realism.--Edmund Wilson: the dual role of criticism.--The English literary horizon: 1815-35.--The American in Europe: then and now.--Those early days: a personal memoir. 0aAmerican literaturexHistory and criticism.952343 2ddccBK c16962d16962 00102ddc40718NFICaRUCLbRUCLcReadingd1975-08-14eU.S.I.S Giftl0o810.9 SPO 1970r2014-02-15 00:00:00tC-1w2014-02-15yBK 00102ddc40708NFICaRUCLbRUCLcStackd1976-07-09eUSISg0.00l0o810.9 SPO 1970r2014-02-17 00:00:00tC-2w2014-02-17yBK 00102ddc40708NFICaRUCLbRUCLcStackd1976-07-09eUSIS Dhakal0o810.9 SPO 1970r2019-12-19 00:00:00tC-3w2019-12-19yBK